[Event "Zilina Region-ch"]
[Site "Zilina"]
[Date "2013.05.18"]
[Round "2"]
[White "Svabik, Jan"]
[Black "Veis, Tomas"]
[Result "0-1"]
[WhiteElo "1691"]
[BlackElo "1873"]
[PlyCount "148"]
[EventDate "2013.05.17"]
[EventType "swiss"]
[EventRounds "6"]
[EventCountry "SVK"]
[SourceTitle "CBM 154 Extra"]
[Source "ChessBase"]
[SourceDate "2013.06.25"]
[SourceVersion "2"]
[SourceVersionDate "2013.06.25"]
[SourceQuality "1"]

1. e4 c5 2. Nf3 Nc6 3. Bb5 g6 4. Bxc6 bxc6 5. c3 Bg7 6. d4 cxd4 7. Nxd4 Nf6 8. Nd2 0-0 9. 0-0 c5 10. Ne2 Bb7 11. Ng3 d6 12. Re1 Qd7 13. f3 h5 14. Nh1 h4 15. Nf2 Nh5 16. Nf1 Be5 17. Ng4 Bf4 18. Bxf4 Nxf4 19. Qd2 Nh5 20. Nh6+ Kh7 21. Ng4 Rh8 22. Qg5 Kg7 23. Nfe3 e6 24. Qxh4 Rae8 25. e5 dxe5 26. Rad1 Qc7 27. Nc4 e4 28. Nd6 Rd8 29. Nxb7 Rxd1 30. Rxd1 Qxb7 31. Qf2 exf3 32. gxf3 Nf4 33. Qe3 Nh3+ 34. Kf1 Rh5 35. Rd2 Qc7 36. c4 Qf4 37. Qc3+ e5 38. Re2 Qd4 39. Qe3 Qxe3 40. Rxe3 f6 41. Rd3 Rf5 42. Rd7+ Kf8 43. Rxa7 Rxf3+ 44. Kg2 Ng5 45. Rc7 Rf4 46. Nh6 Rxc4 47. Rb7 Rh4 48. Rb8+ Kg7 49. Ng8 Rh8 50. h4 Ne6 51. a4 Rxg8 52. Rb7+ Kh6 53. a5 Ra8 54. Rb6 Nf4+ 55. Kf3 Rxa5 56. Rxf6 Rb5 57. Rc6 Nd3 58. Ke4 Nxb2 59. Kxe5 c4+ 60. Kd4 Rh5 61. Kc3 Nd1+ 62. Kd2 Rxh4 63. Kxd1 Re4 64. Kd2 Kg5 65. Rc8 Kg4 66. Rf8 g5 67. Rg8 Kf4 68. Rf8+ Kg3 69. Kc3 g4 70. Rd8 Kf2 71. Rd2+ Re2 72. Rd4 g3 73. Kxc4 g2 74. Rg4 g1Q 0-1

[Event "Zilina Region-ch"]
[Site "Zilina"]
[Date "2013.05.17"]
[Round "1"]
[White "Veis, Tomas"]
[Black "Bakalar, Jan"]
[Result "1/2-1/2"]
[WhiteElo "1873"]
[BlackElo "2021"]
[PlyCount "73"]
[EventDate "2013.05.17"]
[EventType "swiss"]
[EventRounds "6"]
[EventCountry "SVK"]
[SourceTitle "CBM 154 Extra"]
[Source "ChessBase"]
[SourceDate "2013.06.25"]
[SourceVersion "2"]
[SourceVersionDate "2013.06.25"]
[SourceQuality "1"]

1. c4 Nf6 2. Nf3 e6 3. g3 d5 4. b3 Be7 5. Bb2 0-0 6. Bg2 Nbd7 7. 0-0 a5 8. Nc3 Nb6 9. cxd5 exd5 10. Rc1 c6 11. Qc2 Re8 12. d4 h6 13. Ne5 Ng4 14. Nxg4 Bxg4 15. e4 dxe4 16. Nxe4 Bf8 17. Nc5 Re2 18. Qb1 Rb8 19. Rfe1 Rxe1+ 20. Rxe1 Nd5 21. Qe4 Bh5 22. Bh3 Bg6 23. Bf5 Nf6 24. Qc2 Bxf5 25. Qxf5 g6 26. Qe5 Nd5 27. Nd3 Bg7 28. Qe4 Qd6 29. f4 f5 30. Qe6+ Qxe6 31. Rxe6 Kf7 32. Rd6 Re8 33. Ne5+ Bxe5 34. dxe5 Re6 35. Rd7+ Re7 36. Rd6 Re6 37. Rd7+ 1/2-1/2

[Event "SVK-chT2C 1213"]
[Site "Slovakia"]
[Date "2013.02.17"]
[Round "9.2"]
[White "Jurcik, Martin"]
[Black "Veis, Tomas"]
[Result "1-0"]
[WhiteElo "2362"]
[BlackElo "1864"]
[PlyCount "29"]
[EventDate "2012.10.13"]
[EventType "team-tourn"]
[EventRounds "11"]
[EventCountry "SVK"]
[SourceTitle "EXT 2015"]
[Source "ChessBase"]
[SourceDate "2014.11.20"]
[SourceVersion "1"]
[SourceVersionDate "2014.11.20"]
[SourceQuality "1"]
[WhiteTeam "Cadca Caissa II"]
[BlackTeam "Detva Garde"]
[WhiteTeamCountry "SVK"]
[BlackTeamCountry "SVK"]

1. e4 c5 2. Nf3 Nc6 3. d4 cxd4 4. Nxd4 e5 5. Nb5 d6 6. Bc4 Nf6 7. Bg5 a6 8. Bxf6 gxf6 9. Qh5 Qd7 10. Bxf7+ Qxf7 11. Nc7+ Ke7 12. Nd5+ Ke8 13. Nxf6+ Ke7 14. Nd5+ Ke6 15. Qg4+ 1-0

[Event "Zilina Region-ch"]
[Site "Zilina"]
[Date "2011.05.07"]
[Round "3"]
[White "Galvanek, Ladislav"]
[Black "Veis, Tomas"]
[Result "1-0"]
[WhiteElo "2021"]
[BlackElo "1856"]
[PlyCount "57"]
[EventDate "2011.05.06"]
[EventType "swiss"]
[EventRounds "7"]
[EventCountry "SVK"]
[SourceTitle "EXT 2012"]
[Source "ChessBase"]
[SourceDate "2011.11.24"]
[SourceVersion "1"]
[SourceVersionDate "2011.11.24"]
[SourceQuality "1"]

1. d4 d5 2. c4 c6 3. Nf3 Nf6 4. e3 e6 5. Nc3 Nbd7 6. Bd3 dxc4 7. Bxc4 b5 8. Be2 a6 9. e4 c5 10. e5 cxd4 11. Qxd4 Bc5 12. Qh4 Nd5 13. Qg3 Ne7 14. Bg5 Bb7 15. 0-0 0-0 16. Rad1 Qe8 17. Bd3 Ng6 18. Rfe1 Be7 19. h4 Nc5 20. Bb1 Rd8 21. h5 Rxd1 22. Rxd1 Bxf3 23. gxf3 Bxg5 24. hxg6 Be7 25. gxh7+ Kh8 26. Ne4 f5 27. exf6 Rxf6 28. Nxf6 Bxf6 29. Bg6 1-0

[Event "Zilina Region-ch"]
[Site "Zilina"]
[Date "2011.05.07"]
[Round "2"]
[White "Veis, Tomas"]
[Black "Salata, Tibor"]
[Result "1/2-1/2"]
[WhiteElo "1856"]
[BlackElo "1957"]
[PlyCount "94"]
[EventDate "2011.05.06"]
[EventType "swiss"]
[EventRounds "7"]
[EventCountry "SVK"]
[SourceTitle "EXT 2012"]
[Source "ChessBase"]
[SourceDate "2011.11.24"]
[SourceVersion "1"]
[SourceVersionDate "2011.11.24"]
[SourceQuality "1"]

1. c4 e5 2. Nc3 Nf6 3. g3 Be7 4. Bg2 0-0 5. Nf3 d6 6. 0-0 c6 7. d3 Qc7 8. Bd2 Nbd7 9. a3 Rb8 10. b4 a6 11. Rc1 Qd8 12. Qb3 b6 13. Be3 Bb7 14. Nd2 c5 15. Nd5 Nxd5 16. cxd5 Nf6 17. h3 h6 18. f4 exf4 19. Bxf4 Nh5 20. Rc2 Nxf4 21. Rxf4 Bf6 22. e4 Be5 23. Rf3 Qg5 24. Kh2 h5 25. Nc4 h4 26. Nxe5 Qxe5 27. Qc3 hxg3+ 28. Rxg3 Rfe8 29. Qxe5 Rxe5 30. bxc5 dxc5 31. Bf3 Bc8 32. Bg4 f5 33. Bf3 fxe4 34. dxe4 a5 35. Rcg2 Rb7 36. Rg5 Rxg5 37. Rxg5 Rf7 38. Kg3 Kf8 39. e5 Rf5 40. h4 Rxg5+ 41. hxg5 b5 42. Kf4 Kf7 43. e6+ Bxe6 44. dxe6+ Kxe6 45. Ke4 a4 46. Bg4+ Kd6 47. Bd1 Ke6 1/2-1/2

[Event "SVK-chT2C 10/11"]
[Site "Slovakia"]
[Date "2011.02.06"]
[Round "7.3"]
[White "Duhan, Ladislav"]
[Black "Veis, Tomas"]
[Result "0-1"]
[WhiteElo "1971"]
[BlackElo "1800"]
[PlyCount "24"]
[EventDate "2010.10.23"]
[EventType "team-tourn"]
[EventRounds "11"]
[EventCountry "SVK"]
[SourceTitle "EXT 2019"]
[Source "ChessBase"]
[SourceDate "2018.10.10"]
[SourceVersion "1"]
[SourceVersionDate "2018.10.10"]
[SourceQuality "1"]
[WhiteTeam "Zvolen Slavia"]
[BlackTeam "Podpolanie"]
[WhiteTeamCountry "SVK"]
[BlackTeamCountry "SVK"]

1. e4 c5 2. d4 cxd4 3. c3 dxc3 4. Nxc3 Nc6 5. Nf3 e6 6. Bc4 Qc7 7. Qe2 Nf6 8. 0-0 Ng4 9. Nb5 Qb8 10. h3 h5 11. Bg5 a6 12. Nc3 Nd4 0-1